000 00920nam a2200265Ia 4500
005 20250425162828.0
008 250425s9999 xx 000 0 und d
020 _a9584101854
041 _aspa
044 _ack
082 _a371.334
_pPOO
100 _aPoole, Bernard J.
245 0 _aTecnología educativa : educar para la sociocultura de la comunicación y del conocimiento
_cBernard J. Poole y traducido por Beatriz Martínez de Murgía
250 _aSegunda edición, reimpresión
260 _aBogotá
_bMcGraw Hill Interamericana
264 _aColombia, BOGOTA
_bMC GRAW - HILL
_c2003.
300 _a390 páginas
_bilustraciones
_c17 cm.
504 _aIncluye bibliografía, glosario e índice
650 _aEnseñanza Tecnológica
650 _aTecnología Educativa
700 _aMartínez de Murguía, Beatríz
_etraductor
902 _aMonográfico
_cImpreso
942 _c01
010 _a110767
999 _c237293
_d237293